Vista normal
Vista MARC
Entrada Topical Term
Número de registros utilizados en: 11
001 - CONTROL NUMBER
- control field: 5114
003 - CONTROL NUMBER IDENTIFIER
- control field: OSt
005 - DATE AND TIME OF LATEST TRANSACTION
- control field: 20230915225810.0
008 - FIXED-LENGTH DATA ELEMENTS
- fixed length control field: 230915|| aca||aabn | a|a d
040 ## - CATALOGING SOURCE
- Original cataloging agency: OSt
- Transcribing agency: OSt
150 ## - HEADING--TOPICAL TERM
- Topical term or geographic name entry element: RESPONSABILIDAD ESTATAL
670 ## - SOURCE DATA FOUND
- Source citation: Work cat.: (OSt)18346: Tamayo Jaramillo, Javier 5113, La responsabilidad del estado. El daño antijurídico (conspol, art. 90), el riesgo excepcional y las actividades peligrosas, 1997